[Event "10.Città di Padova Open A"]
[Site "Padova Ex Fornace Carotta"]
[Date "2007.12.20"]
[Round "6.20"]
[White "Franz, Paolo"]
[Black "Mazzella, Riccardo"]
[Result "1-0"]
[WhiteElo "1500"]
[BlackElo "1371"]
[Annotator "Gabriele Ballarin"]
[PlyCount "25"]
[EventDate "2007.12.15"]
[EventType "swiss"]
[EventRounds "9"]
[EventCountry "ITA"]

1. e4 e5 2. Bc4 Nf6 3. Nf3 Bd6 4. O-O Nxe4 5. d4 f6 6. Re1 Ng5 7. Nxg5 fxg5 8. dxe5 Be7 9. Nc3 Rf8 10. Qh5+ g6 11. Qxh7 Bc5 12. Qxg6+ Ke7 13. Bxg5+ 1-0

[Event "10.Città di Padova Open A"]
[Site "Padova Ex Fornace Carotta"]
[Date "2007.12.21"]
[Round "7.1"]
[White "Laketic, Gojko"]
[Black "Naumkin, Igor"]
[Result "1-0"]
[WhiteElo "2433"]
[BlackElo "2486"]
[Annotator "Gabriele Ballarin"]
[PlyCount "53"]
[EventDate "2007.12.15"]
[EventType "swiss"]
[EventRounds "9"]
[EventCountry "ITA"]

1. d4 e6 2. e4 d5 3. Nc3 Bb4 4. e5 c5 5. a3 Bxc3+ 6. bxc3 Ne7 7. h4 b6 8. h5 Ba6 9. Bxa6 Nxa6 10. h6 gxh6 11. Qd3 Nb8 12. Rxh6 Nf5 13. Rh5 cxd4 14. Bg5 Qc7 15. cxd4 Rg8 16. g4 Ne7 17. Nf3 Nbc6 18. Rxh7 Rc8 19. Rc1 Na5 20. Qb5+ Nac6 21. c4 Qd7 22. cxd5 Nxd5 23. Bd2 Nce7 24. Rxc8+ Nxc8 25. Qxd7+ Kxd7 26. Ng5 Ke8 27. f3 1-0

[Event "10.Città di Padova Open A"]
[Site "Padova Ex Fornace Carotta"]
[Date "2007.12.21"]
[Round "7.3"]
[White "Quaranta, Cristiano"]
[Black "Okhotnik, Vladimir"]
[Result "0-1"]
[WhiteElo "2070"]
[BlackElo "2433"]
[Annotator "Gabriele Ballarin"]
[PlyCount "118"]
[EventDate "2007.12.15"]
[EventType "swiss"]
[EventRounds "9"]
[EventCountry "ITA"]

1. d4 g6 2. Nf3 Bg7 3. c4 d6 4. e4 Nd7 5. Nc3 e5 6. Be2 exd4 7. Nxd4 Ne7 8. O-O Nc6 9. Be3 O-O 10. Rc1 Re8 11. Qd2 Nc5 12. f3 Ne6 13. Nxe6 fxe6 14. Nb5 Qe7 15. Rfe1 a6 16. Nc3 Bf6 17. Bd1 Ne5 18. Bb3 c5 19. Red1 Rd8 20. a3 Rb8 21. Qe2 g5 22. Ba2 Ng6 23. b4 b6 24. b5 a5 25. Rc2 Be5 26. Qd2 h6 27. Ne2 Bb7 28. Bf2 Rd7 29. Bg3 Rbd8 30. Qe3 Qf6 31. Rcd2 Nf4 32. Kh1 Rf8 33. Rf1 Rdf7 34. Bb3 Qg6 35. Bd1 h5 36. Bxf4 gxf4 37. Qf2 Qf6 38. Bb3 Rg7 39. Rfd1 Rd8 40. a4 Kf7 41. Rg1 Rdg8 42. Bc2 Ke7 43. Rdd1 Kd7 44. Rd2 Kc7 45. Bb1 Rg3 46. Bc2 R3g6 47. Bb1 Bc8 48. Bc2 R6g7 49. Bb1 Bd7 50. Bc2 Be8 51. Bb1 Bf7 52. Bc2 h4 53. h3 Bh5 54. Rd3 Rg3 55. Kh2 Bg6 56. Bb1 Bxe4 57. fxe4 f3 58. Kh1 fxg2+ 59. Kh2 Rxd3+ 0-1

[Event "10.Città di Padova Open A"]
[Site "Padova Ex Fornace Carotta"]
[Date "2007.12.21"]
[Round "7.4"]
[White "Vuelban, Virgilio"]
[Black "Dragojlovic, Andjelko"]
[Result "0-1"]
[WhiteElo "2399"]
[BlackElo "2409"]
[Annotator "Gabriele Ballarin"]
[PlyCount "23"]
[EventDate "2007.12.15"]
[EventType "swiss"]
[EventRounds "9"]
[EventCountry "ITA"]

1. e4 c5 2. Nf3 Nc6 3. d4 cxd4 4. Nxd4 g6 5. c4 Bg7 6. Be3 Nf6 7. Nc3 d6 8. Be2 O-O 9. O-O Bd7 10. Rb1 Nxd4 11. Bxd4 Bc6 12. f3 0-1

[Event "10.Città di Padova Open A"]
[Site "Padova Ex Fornace Carotta"]
[Date "2007.12.21"]
[Round "7.5"]
[White "Panican, Gheorghe"]
[Black "Mrdja, Milan"]
[Result "0-1"]
[WhiteElo "2104"]
[BlackElo "2408"]
[Annotator "Gabriele Ballarin"]
[PlyCount "86"]
[EventDate "2007.12.15"]
[EventType "swiss"]
[EventRounds "9"]
[EventCountry "ITA"]

1. e4 c5 2. Nf3 d6 3. d4 cxd4 4. Nxd4 Nf6 5. Nc3 a6 6. Be2 e6 7. Be3 Be7 8. O-O O-O 9. a4 Nc6 10. f4 Bd7 11. Nb3 b6 12. Bf3 Rb8 13. Qe2 Qc8 14. Rfd1 Rd8 15. Kh1 Be8 16. Bf2 Nd7 17. g3 Nc5 18. Nd4 Bf6 19. Bg2 Qc7 20. Nxc6 Bxc6 21. Bd4 Bxd4 22. Rxd4 a5 23. Nb5 Bxb5 24. Qxb5 e5 25. fxe5 dxe5 26. Rd5 Rxd5 27. exd5 e4 28. c3 Rd8 29. Qc4 Qe5 30. Re1 f5 31. Qb5 Qxd5 32. Qxb6 Nxa4 33. Qf2 Nc5 34. Rf1 g6 35. h3 Qe5 36. b4 axb4 37. cxb4 Nd3 38. Qa2+ Kh8 39. Qa5 Re8 40. b5 e3 41. Bc6 e2 42. Re1 Nxe1 43. Qxe1 Rd8 0-1

[Event "10.Città di Padova Open A"]
[Site "Padova Ex Fornace Carotta"]
[Date "2007.12.21"]
[Round "7.6"]
[White "Manca, Federico"]
[Black "Battagin_214, Mosè"]
[Result "1-0"]
[WhiteElo "2405"]
[BlackElo "1701"]
[Annotator "Gabriele Ballarin"]
[PlyCount "33"]
[EventDate "2007.12.15"]
[EventType "swiss"]
[EventRounds "9"]
[EventCountry "ITA"]

1. e4 d6 2. d4 Nf6 3. Nc3 g6 4. Be3 Bg7 5. h3 O-O 6. Nf3 c6 7. Bd3 b6 8. O-O a6 9. Ne2 Nbd7 10. Ng3 c5 11. c3 Bb7 12. Qd2 Qc7 13. Bh6 d5 14. Bxg7 Kxg7 15. e5 Ne4 16. Qf4 f6 17. exf6+ 1-0

[Event "10.Città di Padova Open A"]
[Site "Padova Ex Fornace Carotta"]
[Date "2007.12.21"]
[Round "7.7"]
[White "De Santis, Alessio"]
[Black "Cardili, Mariano"]
[Result "1/2-1/2"]
[WhiteElo "2367"]
[BlackElo "2100"]
[Annotator "Gabriele Ballarin"]
[PlyCount "59"]
[EventDate "2007.12.15"]
[EventType "swiss"]
[EventRounds "9"]
[EventCountry "ITA"]

1. d4 d5 2. c4 c6 3. Nc3 Nf6 4. e3 e6 5. Nf3 Nbd7 6. Qc2 Bd6 7. g4 Bb4 8. Bd2 Bxc3 9. Bxc3 Ne4 10. Bd3 Nxc3 11. bxc3 dxc4 12. Bxc4 b5 13. Bd3 Bb7 14. Rg1 a6 15. Rg3 c5 16. a4 c4 17. Be2 Nf6 18. Nd2 O-O 19. e4 Nd7 20. Rb1 Bc6 21. g5 Nb6 22. axb5 axb5 23. Bf3 Ra3 24. e5 Bxf3 25. Nxf3 Nd5 26. Nd2 Nf4 27. Rxb5 Qa8 28. Nxc4 Ra1+ 29. Kd2 Qh1 30. Ke3 1/2-1/2

[Event "10.Città di Padova Open A"]
[Site "Padova Ex Fornace Carotta"]
[Date "2007.12.21"]
[Round "7.9"]
[White "Pomaro, Alberto"]
[Black "Navarro, Stefano"]
[Result "0-1"]
[WhiteElo "2153"]
[BlackElo "2258"]
[Annotator "Gabriele Ballarin"]
[PlyCount "96"]
[EventDate "2007.12.15"]
[EventType "swiss"]
[EventRounds "9"]
[EventCountry "ITA"]

1. e4 e5 2. Nf3 d6 3. d4 exd4 4. Nxd4 Nf6 5. Nc3 Be7 6. Bc4 O-O 7. O-O a6 8. a4 Nc6 9. h3 Nb4 10. Re1 Re8 11. Nb3 c6 12. Bf1 h6 13. f4 Bf8 14. g3 a5 15. Bg2 d5 16. e5 Nd7 17. Kh1 Nb6 18. Nd4 c5 19. Nf3 Bf5 20. Re2 d4 21. Nb5 d3 22. cxd3 Nxd3 23. Kh2 c4 24. Nfd4 Bc8 25. Be4 Nc5 26. Bc2 Bd7 27. Be3 Nd5 28. Bd2 Qb6 29. Bc3 Nb4 30. Bf5 Rad8 31. Rd2 Bxf5 32. Nxf5 Nb3 33. Nfd6 Nxd2 34. Qxd2 Bxd6 35. Nxd6 Re6 36. Rd1 Rd7 37. f5 Rexd6 38. exd6 Nd3 39. f6 Rxd6 40. fxg7 Re6 41. Rf1 Qc6 42. Qg2 Qe8 43. Kh1 Re2 44. Qf3 Qe6 45. Qf5 Qc6+ 46. Qf3 Nf2+ 47. Kg2 Ng4+ 48. Kg1 Qb6+ 0-1

[Event "10.Città di Padova Open A"]
[Site "Padova Ex Fornace Carotta"]
[Date "2007.12.21"]
[Round "7.10"]
[White "Faccia, Sergio"]
[Black "Sgaravatti, Francesco"]
[Result "0-1"]
[WhiteElo "2071"]
[BlackElo "2175"]
[Annotator "Gabriele Ballarin"]
[PlyCount "72"]
[EventDate "2007.12.15"]
[EventType "swiss"]
[EventRounds "9"]
[EventCountry "ITA"]

1. e4 e6 2. c4 d5 3. cxd5 exd5 4. d4 dxe4 5. Bc4 Nc6 6. Ne2 Na5 7. Bb5+ c6 8. Ba4 Bb4+ 9. Nbc3 Nf6 10. O-O O-O 11. Bg5 Re8 12. Bc2 Bg4 13. a3 Bxc3 14. bxc3 h6 15. Bh4 Nc4 16. Bb3 Nd6 17. Qd2 Nf5 18. Bxf6 Qxf6 19. Ng3 Nd6 20. Rfe1 Be6 21. Bc2 Bd5 22. Nf1 Nc4 23. Qe2 Qe6 24. Ne3 f5 25. g3 Rf8 26. Nxc4 Bxc4 27. Qe3 Rae8 28. Rab1 b5 29. a4 a6 30. Qf4 Re7 31. axb5 axb5 32. Ra1 g5 33. Qc1 Bd5 34. Ra5 f4 35. Qd1 e3 36. g4 e2 0-1

[Event "10.Città di Padova Open A"]
[Site "Padova Ex Fornace Carotta"]
[Date "2007.12.21"]
[Round "7.11"]
[White "Cedriano, Filippo"]
[Black "Gallo, Enrico"]
[Result "1-0"]
[WhiteElo "2016"]
[BlackElo "2077"]
[Annotator "Gabriele Ballarin"]
[PlyCount "91"]
[EventDate "2007.12.15"]
[EventType "swiss"]
[EventRounds "9"]
[EventCountry "ITA"]

1. e4 e6 2. d3 d5 3. Nd2 c5 4. Ngf3 Nc6 5. g3 Nf6 6. Bg2 Be7 7. O-O O-O 8. Re1 dxe4 9. dxe4 e5 10. Qe2 Qc7 11. Nc4 Be6 12. c3 h6 13. Nh4 Rfe8 14. Nf5 Bf8 15. Nce3 g6 16. Nh4 Rad8 17. Bd2 b5 18. b3 Rd7 19. Rad1 Red8 20. Bc1 b4 21. Bb2 bxc3 22. Bxc3 Nd4 23. Bxd4 cxd4 24. Rc1 Qa5 25. Nc4 Bxc4 26. Qxc4 d3 27. Red1 Kg7 28. Nf3 Ne8 29. Qc3 Qxa2 30. Nxe5 Rd4 31. Nc6 Ba3 32. Nxd4 Bb2 33. Ne6+ Kg8 34. Qd2 Rb8 35. Nc5 Qa3 36. Nxd3 Bxc1 37. Nxc1 Nc7 38. e5 Ne6 39. Qd6 Rb4 40. Bd5 Nf8 41. Nd3 Rxb3 42. Bxb3 Qxb3 43. Nc5 Qf3 44. e6 Nh7 45. exf7+ Qxf7 46. Qd5 1-0

[Event "10.Città di Padova Open A"]
[Site "Padova Ex Fornace Carotta"]
[Date "2007.12.21"]
[Round "7.12"]
[White "Opacic, Alexandar"]
[Black "Palumbo, Giuseppe"]
[Result "1/2-1/2"]
[WhiteElo "2109"]
[BlackElo "1613"]
[Annotator "Gabriele Ballarin"]
[PlyCount "30"]
[EventDate "2007.12.15"]
[EventType "swiss"]
[EventRounds "9"]
[EventCountry "ITA"]

1. e4 c5 2. Nf3 d6 3. d4 cxd4 4. Nxd4 Nf6 5. Nc3 a6 6. Be3 e6 7. Be2 Be7 8. O-O O-O 9. f4 Qc7 10. Kh1 Nc6 11. a3 Bd7 12. Qe1 Rac8 13. Rd1 Nxd4 14. Bxd4 Bc6 15. Bd3 b5 1/2-1/2

[Event "10.Città di Padova Open A"]
[Site "Padova Ex Fornace Carotta"]
[Date "2007.12.21"]
[Round "7.13"]
[White "Belloni, Umberto"]
[Black "Casciello, Dimitri"]
[Result "0-1"]
[WhiteElo "1912"]
[BlackElo "2017"]
[Annotator "Gabriele Ballarin"]
[PlyCount "100"]
[EventDate "2007.12.15"]
[EventType "swiss"]
[EventRounds "9"]
[EventCountry "ITA"]

1. d4 Nf6 2. c3 g6 3. Bg5 Bg7 4. Nd2 d6 5. e3 O-O 6. Bc4 c5 7. dxc5 dxc5 8. Bxf6 exf6 9. Ngf3 Nc6 10. a4 Qe7 11. O-O Bf5 12. a5 Rad8 13. Qa4 Ne5 14. Be2 Bd3 15. Bxd3 Nxd3 16. Rab1 f5 17. g3 Rd6 18. Nh4 Rfd8 19. Ndf3 Qf6 20. Ng2 g5 21. Nge1 h6 22. Nxd3 Rxd3 23. Ne1 R3d5 24. Ng2 Qd6 25. h4 Bf6 26. hxg5 hxg5 27. Qc4 Kg7 28. e4 fxe4 29. Qxe4 Rh8 30. Ne3 Re5 31. Nf5+ Rxf5 32. Qxf5 Qc6 33. f3 Bd8 34. Kg2 Rh6 35. Rh1 Rf6 36. Rbd1 Qe8 37. Rd2 g4 38. f4 Qc6+ 39. Qd5 Rd6 40. Rhd1 Rxd5 41. Rxd5 Bf6 42. R1d2 b6 43. axb6 axb6 44. c4 Bd4 45. Kf1 Qf6 46. Rg5+ Kf8 47. Ke2 Qe7+ 48. Kd3 Qe3+ 49. Kc2 Qe4+ 50. Kb3 b5 0-1

[Event "10.Città di Padova Open A"]
[Site "Padova Ex Fornace Carotta"]
[Date "2007.12.21"]
[Round "7.14"]
[White "Rossi, Giampiero"]
[Black "Litrico, Paolo"]
[Result "0-1"]
[WhiteElo "1991"]
[BlackElo "1823"]
[Annotator "Gabriele Ballarin"]
[PlyCount "95"]
[EventDate "2007.12.15"]
[EventType "swiss"]
[EventRounds "9"]
[EventCountry "ITA"]

1. d4 f5 2. Bg5 g6 3. e3 Bg7 4. Bd3 Nf6 5. c3 O-O 6. Ne2 b6 7. Nd2 Bb7 8. f3 Nc6 9. O-O e5 10. Re1 d6 11. Bh4 Qe8 12. Bf2 Rd8 13. Qc2 Ne7 14. Ng3 Kh8 15. Rad1 Bh6 16. e4 f4 17. Ngf1 g5 18. h3 Rg8 19. Nh2 Bf8 20. dxe5 dxe5 21. Ndf1 Ng6 22. Bc4 Rg7 23. Rxd8 Qxd8 24. Rd1 Qe8 25. Ng4 Nxg4 26. hxg4 Bd6 27. Qb3 Bc8 28. Nh2 Nh4 29. a4 Qe7 30. Qc2 h5 31. gxh5 g4 32. fxg4 Bxg4 33. Nxg4 Rxg4 34. Bxh4 Qxh4 35. b4 f3 36. Bf1 fxg2 37. Bxg2 Qxh5 38. Rf1 Qg6 39. Qe2 a5 40. Rb1 Rg3 41. Qc2 Qg5 42. Kh2 Qh4+ 43. Kg1 Qf4 44. Rf1 Qe3+ 45. Kh2 Qxc3 46. Qf2 Rg7 47. Qf5 Qg3+ 48. Kh1 0-1

[Event "10.Città di Padova Open A"]
[Site "Padova Ex Fornace Carotta"]
[Date "2007.12.21"]
[Round "7.15"]
[White "Stiz, Massimiliano"]
[Black "Conflitti, Alessandro"]
[Result "1-0"]
[WhiteElo "2086"]
[BlackElo "1664"]
[Annotator "Gabriele Ballarin"]
[PlyCount "127"]
[EventDate "2007.12.15"]
[EventType "swiss"]
[EventRounds "9"]
[EventCountry "ITA"]

1. e4 e6 2. d4 d5 3. e5 c5 4. Qg4 cxd4 5. Nf3 Nc6 6. Bd3 Qc7 7. Qg3 Nge7 8. O-O Ng6 9. Re1 Bd7 10. h4 O-O-O 11. a3 f6 12. Bxg6 hxg6 13. Bf4 g5 14. hxg5 f5 15. Rc1 Qb6 16. b4 Bxb4 17. axb4 Rh5 18. Nh2 Rdh8 19. Qf3 Nxb4 20. Nd2 Kd8 21. Qb3 d3 22. c3 Na6 23. Qxb6+ axb6 24. c4 dxc4 25. Rxc4 Bb5 26. Rd4+ Ke7 27. Rb1 Bc6 28. Rxd3 Nc5 29. Rc3 Rh4 30. Bg3 Rd4 31. Nhf3 Rg4 32. Rc4 Ne4 33. Nxe4 fxe4 34. Nh2 Rxg5 35. Kf1 Rgh5 36. Ke2 Rxh2 37. Bxh2 Rxh2 38. Rxb6 Kd8 39. g3 Rh5 40. Rc5 Rh2 41. Rcxc6 bxc6 42. Rxc6 Rh5 43. Rxe6 Kd7 44. Rg6 Rxe5 45. Rxg7+ Ke6 46. Ke3 Kf6 47. Rg4 Kf5 48. Rf4+ Kg5 49. Rxe4 Ra5 50. Kf3 Ra3+ 51. Kg2 Ra2 52. Re8 Kh6 53. Re5 Kg6 54. Kf3 Kf6 55. Rb5 Rc2 56. g4 Kg6 57. Kg3 Rc1 58. Rb6+ Kf7 59. f4 Rg1+ 60. Kh4 Ra1 61. Kg5 Ra4 62. f5 Kg7 63. Rb7+ Kf8 64. Kg6 1-0

[Event "10.Città di Padova Open A"]
[Site "Padova Ex Fornace Carotta"]
[Date "2007.12.21"]
[Round "7.16"]
[White "Moratto, Davide"]
[Black "Pichierri, Gianmatteo"]
[Result "1-0"]
[WhiteElo "1855"]
[BlackElo "1569"]
[Annotator "Gabriele Ballarin"]
[PlyCount "123"]
[EventDate "2007.12.15"]
[EventType "swiss"]
[EventRounds "9"]
[EventCountry "ITA"]

1. e4 e5 2. Nf3 Nc6 3. Bb5 Nf6 4. O-O d6 5. d4 Bd7 6. d5 Ne7 7. Bxd7+ Qxd7 8. Re1 Ng6 9. c4 Be7 10. Nc3 Ng4 11. h3 Nf6 12. Qb3 O-O 13. Qxb7 Rfb8 14. Qa6 Nh5 15. Qa4 Qc8 16. Ne2 f5 17. exf5 Qxf5 18. c5 Rf8 19. Ng3 Nxg3 20. fxg3 h5 21. cxd6 Bxd6 22. Qe4 Qxe4 23. Rxe4 Rad8 24. Be3 a6 25. Rc1 Ne7 26. Bg5 Rde8 27. Bxe7 Rxe7 28. Ng5 Rb8 29. b3 Rb5 30. Rd1 Rd7 31. Kh1 a5 32. h4 Rb4 33. Kh2 Rd8 34. Rc4 Rdb8 35. Ne4 Rxc4 36. bxc4 Rb2 37. c5 Be7 38. d6 cxd6 39. cxd6 Bd8 40. Nc5 Kf7 41. Nd3 Re2 42. Nc5 Ke8 43. Ne6 g6 44. a4 e4 45. Nf4 Ra2 46. Rd4 e3 47. Re4+ Kd7 48. Rxe3 Rxa4 49. Rd3 Bxh4 50. Nxg6 Bd8 51. Ne5+ Ke6 52. Nc6 Kd7 53. Ne5+ Ke6 54. Ng6 Kf5 55. Nf4 h4 56. Ne2 hxg3+ 57. Nxg3+ Ke5 58. d7 Rd4 59. Re3+ Kf6 60. Ne4+ Kf5 61. Nc5 Rh4+ 62. Kg3 1-0

[Event "10.Città di Padova Open A"]
[Site "Padova Ex Fornace Carotta"]
[Date "2007.12.21"]
[Round "7.17"]
[White "De Marchi, Alessandro"]
[Black "Topollaj, Mark"]
[Result "0-1"]
[WhiteElo "1719"]
[BlackElo "1413"]
[Annotator "Gabriele Ballarin"]
[PlyCount "54"]
[EventDate "2007.12.15"]
[EventType "swiss"]
[EventRounds "9"]
[EventCountry "ITA"]

1. e4 e6 2. d4 d5 3. Nc3 dxe4 4. Nxe4 Nf6 5. Bg5 Be7 6. Bxf6 Bxf6 7. Nf3 b6 8. c3 Bb7 9. Bd3 Nd7 10. O-O g6 11. Nxf6+ Qxf6 12. Nd2 O-O 13. Ne4 Bxe4 14. Bxe4 Rad8 15. Qa4 a5 16. b4 axb4 17. Qxb4 e5 18. dxe5 Qxe5 19. Bf3 Nc5 20. Rfe1 Qf6 21. a4 Nd3 22. Qe7 Qxc3 23. Reb1 Qd4 24. Rf1 Nxf2 25. Qxc7 Nh3+ 26. Kh1 Qg1+ 27. Rxg1 Nf2# 0-1

[Event "10.Città di Padova Open A"]
[Site "Padova Ex Fornace Carotta"]
[Date "2007.12.21"]
[Round "7.18"]
[White "Chiesa, Roberto"]
[Black "Lodi, Paolo"]
[Result "1-0"]
[WhiteElo "1709"]
[BlackElo "1465"]
[Annotator "Gabriele Ballarin"]
[PlyCount "105"]
[EventDate "2007.12.15"]
[EventType "swiss"]
[EventRounds "9"]
[EventCountry "ITA"]

1. d4 f5 2. Nf3 Nf6 3. Bf4 e6 4. e3 Be7 5. h3 O-O 6. Bd3 b6 7. g4 Ne4 8. Nbd2 Bb7 9. Rh2 g5 10. gxf5 Nxd2 11. Nxd2 exf5 12. Bg3 Qe8 13. Be5 d6 14. Bc4+ d5 15. Bb3 c6 16. Rg2 Nd7 17. Bh2 Kh8 18. Qe2 a5 19. c3 Ba6 20. Qf3 Bd3 21. O-O-O a4 22. Bc2 Bxc2 23. Kxc2 a3 24. b3 Qg6 25. Qe2 b5 26. Qd3 h6 27. Nf3 Qh5 28. Ne5 Nxe5 29. Bxe5+ Kh7 30. Rg3 Qg6 31. f4 Rf7 32. Rdg1 Qh5 33. Qd1 Qxd1+ 34. Kxd1 Rg8 35. b4 Bf6 36. Bxf6 Rxf6 37. Kc2 Rfg6 38. fxg5 Rxg5 39. Rxg5 Rxg5 40. Rf1 Kg6 41. Rf3 h5 42. h4 Rg4 43. Rh3 f4 44. exf4 Rxf4 45. Kb3 Kf5 46. Kxa3 Kg4 47. Rh1 Rf3 48. Kb3 Rh3 49. Rg1+ Rg3 50. Rh1 Rg2 51. a4 bxa4+ 52. Kxa4 Ra2+ 53. Kb3 1-0

[Event "10.Città di Padova Open A"]
[Site "Padova Ex Fornace Carotta"]
[Date "2007.12.21"]
[Round "7.19"]
[White "Mazzella, Riccardo"]
[Black "Zanini, Andrea"]
[Result "1/2-1/2"]
[WhiteElo "1371"]
[BlackElo "1646"]
[Annotator "Gabriele Ballarin"]
[PlyCount "133"]
[EventDate "2007.12.15"]
[EventType "swiss"]
[EventRounds "9"]
[EventCountry "ITA"]

1. d4 d6 2. c4 e6 3. Nc3 g6 4. Nf3 Bg7 5. Bg5 Ne7 6. e3 Nd7 7. Be2 a6 8. a4 h6 9. Bh4 b6 10. O-O Bb7 11. e4 g5 12. Bg3 Ng6 13. h3 f5 14. exf5 exf5 15. Re1 Qf6 16. c5 f4 17. Bh2 O-O-O 18. c6 Bxc6 19. Bxa6+ Bb7 20. Qd3 Nb8 21. Bxb7+ Kxb7 22. Qe4+ c6 23. a5 Rhe8 24. Qd3 b5 25. Rxe8 Rxe8 26. Nxb5 Na6 27. Qb3 Rb8 28. Nxd6+ Ka8 29. Qa3 Bf8 30. Ne4 Bxa3 31. Nxf6 Rxb2 32. g3 Bd6 33. Re1 Nc7 34. Ne5 Nxe5 35. dxe5 Bc5 36. Ne4 Bb4 37. Ra1 f3 38. Rd1 Re2 39. Nf6 Bxa5 40. Ra1 Kb7 41. g4 Bc3 42. Rb1+ Ka6 43. Ng8 Bxe5 44. Bxe5 Rxe5 45. Nxh6 Rb5 46. Rc1 c5 47. Nf5 Ne6 48. h4 gxh4 49. Nxh4 Ng5 50. Kh2 Ne4 51. Nxf3 Nxf2 52. g5 Rb2 53. Kg3 Ne4+ 54. Kf4 Rb4 55. g6 Nd6+ 56. Ke5 Rg4 57. Rg1 Rxg1 58. Nxg1 Ne8 59. Ne2 Kb5 60. Kd5 c4 61. Nc3+ Kb4 62. Kd4 Kb3 63. Nb5 Kb4 64. Nc3 Kb3 65. Nb1 Kb2 66. Nd2 c3 67. Kd3 1/2-1/2

[Event "10.Città di Padova Open A"]
[Site "Padova Ex Fornace Carotta"]
[Date "2007.12.21"]
[Round "7.20"]
[White "Fortunato, Lorenzo"]
[Black "Franz, Paolo"]
[Result "1-0"]
[WhiteElo "1440"]
[BlackElo "1500"]
[Annotator "Gabriele Ballarin"]
[PlyCount "75"]
[EventDate "2007.12.15"]
[EventType "swiss"]
[EventRounds "9"]
[EventCountry "ITA"]

1. e4 c5 2. Ne2 Nc6 3. Nbc3 Nf6 4. g3 d6 5. Bg2 Rb8 6. a4 e6 7. d3 Be7 8. O-O O-O 9. f4 Bd7 10. Be3 a6 11. Qd2 Ng4 12. Nd1 Qb6 13. b3 Rbd8 14. Rb1 Qa7 15. b4 Nxe3 16. Qxe3 b6 17. b5 axb5 18. axb5 Na5 19. c4 Qc7 20. Ndc3 Nb7 21. Ra1 Ra8 22. e5 Ra5 23. Qf3 Bc8 24. Qc6 Qxc6 25. bxc6 Rxa1 26. Rxa1 Na5 27. Nb5 dxe5 28. fxe5 f6 29. exf6 Bxf6 30. Re1 Rf7 31. Nf4 Nb3 32. Nd6 Rc7 33. Nxc8 Rxc8 34. Nxe6 Nd4 35. Bd5 Kh8 36. Nc7 h6 37. Re8+ Rxe8 38. Nxe8 1-0

[Event "10.Città di Padova Open A"]
[Site "Padova Ex Fornace Carotta"]
[Date "2007.12.22"]
[Round "8.2"]
[White "Dragojlovic, Andjelko"]
[Black "Kizov, Atanas"]
[Result "1-0"]
[WhiteElo "2409"]
[BlackElo "2396"]
[Annotator "Gabriele Ballarin"]
[PlyCount "55"]
[EventDate "2007.12.15"]
[EventType "swiss"]
[EventRounds "9"]
[EventCountry "ITA"]

1. e4 e5 2. Nc3 Nf6 3. Bc4 Nxe4 4. Qh5 Nd6 5. Bb3 Nc6 6. Nb5 g6 7. Qf3 f5 8. Qd5 Qe7 9. Nxc7+ Kd8 10. Nxa8 b6 11. Nf3 Bb7 12. d4 Nxd4 13. Bg5 Nxf3+ 14. Qxf3 Qxg5 15. Bd5 e4 16. Qb3 Qxg2 17. O-O-O Ba6 18. Qc3 Bh6+ 19. Kb1 Rf8 20. Qc7+ Ke7 21. Bc6 Bf4 22. Qxd7+ Kf6 23. Rxd6+ Bxd6 24. Qxd6+ Kg7 25. Rc1 Qxf2 26. Nc7 Bc8 27. Qe7+ Rf7 28. Ne8+ 1-0

[Event "10.Città di Padova Open A"]
[Site "Padova Ex Fornace Carotta"]
[Date "2007.12.22"]
[Round "8.3"]
[White "Rettore, Ludwig"]
[Black "Lazic, Miroljub"]
[Result "0-1"]
[WhiteElo "2177"]
[BlackElo "2492"]
[Annotator "Gabriele Ballarin"]
[PlyCount "84"]
[EventDate "2007.12.15"]
[EventType "swiss"]
[EventRounds "9"]
[EventCountry "ITA"]

1. e4 d6 2. d4 Nf6 3. Nc3 e5 4. dxe5 dxe5 5. Qxd8+ Kxd8 6. Bc4 Ke8 7. f3 c6 8. a4 a5 9. Be3 Na6 10. Nge2 Nd7 11. O-O Bc5 12. Nd1 Ke7 13. Bxc5+ Naxc5 14. Ne3 Nb6 15. b3 f6 16. Rfd1 Nxc4 17. Nxc4 Be6 18. Ne3 g6 19. Rd2 Rhd8 20. Rad1 Rxd2 21. Rxd2 Ra6 22. g4 Rb6 23. h4 Rb4 24. Ng3 Rd4 25. Rh2 b5 26. axb5 cxb5 27. h5 a4 28. hxg6 hxg6 29. Rh7+ Bf7 30. bxa4 bxa4 31. Nd5+ Kf8 32. Rh8+ Bg8 33. Kf2 Kg7 34. Rh1 Rd2+ 35. Ke3 Rxc2 36. Ra1 Rb2 37. Ra3 Rb3+ 38. Rxb3 Nxb3 39. Nc3 a3 40. Nge2 Bc4 41. Na2 Bxe2 42. Kxe2 Kh6 0-1

[Event "10.Città di Padova Open A"]
[Site "Padova Ex Fornace Carotta"]
[Date "2007.12.22"]
[Round "8.4"]
[White "Mrdja, Milan"]
[Black "Manca, Federico"]
[Result "1-0"]
[WhiteElo "2408"]
[BlackElo "2405"]
[Annotator "Gabriele Ballarin"]
[PlyCount "49"]
[EventDate "2007.12.15"]
[EventType "swiss"]
[EventRounds "9"]
[EventCountry "ITA"]

1. e4 d6 2. d4 Nf6 3. Nc3 g6 4. f3 c6 5. Be3 Nbd7 6. Qd2 b5 7. a4 b4 8. Nd1 a5 9. g4 e5 10. dxe5 dxe5 11. b3 h5 12. g5 Nh7 13. Nb2 Bc5 14. Bxc5 Nxc5 15. Qxd8+ Kxd8 16. O-O-O+ Kc7 17. h4 Re8 18. Bc4 Re7 19. Ne2 Nf8 20. Rd2 Nfd7 21. Kb1 Nb6 22. Nc1 Nxc4 23. Nxc4 Ba6 24. Nb2 Ra7 25. Ncd3 1-0

[Event "10.Città di Padova Open A"]
[Site "Padova Ex Fornace Carotta"]
[Date "2007.12.22"]
[Round "8.5"]
[White "Navarro, Stefano"]
[Black "Quaranta, Cristiano"]
[Result "1/2-1/2"]
[WhiteElo "2258"]
[BlackElo "2070"]
[Annotator "Gabriele Ballarin"]
[PlyCount "98"]
[EventDate "2007.12.15"]
[EventType "swiss"]
[EventRounds "9"]
[EventCountry "ITA"]

1. e4 e6 2. c4 d5 3. cxd5 exd5 4. exd5 Nf6 5. Bb5+ Bd7 6. Bc4 Bg4 7. f3 Bf5 8. Qb3 Bd6 9. Ne2 O-O 10. O-O Nbd7 11. Nbc3 Nh5 12. d4 Qh4 13. f4 Ndf6 14. Bd2 Qg4 15. Qd1 Qg6 16. Kh1 Rae8 17. Qe1 Ne4 18. Nxe4 Bxe4 19. Qf2 f5 20. Rae1 Nf6 21. Nc3 Qh6 22. Qg3 Kh8 23. Kg1 a6 24. a4 Bb4 25. Nxe4 Nxe4 26. Rxe4 Bxd2 27. Re6 Qh5 28. Qd3 Bb4 29. Qe3 Bd6 30. Be2 Qf7 31. Bc4 Qh5 32. Rf3 Rd8 33. Be2 Qh4 34. Qd2 Rd7 35. g3 Qd8 36. Bc4 Qa8 37. Rfe3 Rdd8 38. Re2 Qa7 39. Kg2 Qa8 40. h4 b5 41. axb5 axb5 42. Bb3 Qa7 43. h5 Ra8 44. h6 g6 45. Qe3 Qb8 46. Qc1 Qd8 47. Qc6 Rb8 48. Qc3 Rg8 49. Qd3 Qf8 1/2-1/2

[Event "10.Città di Padova Open A"]
[Site "Padova Ex Fornace Carotta"]
[Date "2007.12.22"]
[Round "8.6"]
[White "Naumkin, Igor"]
[Black "Panican, Gheorghe"]
[Result "1-0"]
[WhiteElo "2486"]
[BlackElo "2104"]
[Annotator "Gabriele Ballarin"]
[PlyCount "61"]
[EventDate "2007.12.15"]
[EventType "swiss"]
[EventRounds "9"]
[EventCountry "ITA"]

1. d4 Nf6 2. c4 g6 3. Nc3 Bg7 4. e4 d6 5. Nf3 O-O 6. Be2 e5 7. O-O Nc6 8. d5 Ne7 9. b4 Ne8 10. c5 f5 11. Nd2 Nf6 12. f3 Bh6 13. Nc4 Bxc1 14. Rxc1 f4 15. b5 g5 16. b6 axb6 17. cxb6 cxb6 18. Qb3 Kh8 19. Qxb6 Ra6 20. Qxd8 Rxd8 21. Rc2 Ne8 22. Rb1 Ra7 23. Rb6 Ra6 24. a4 Kg7 25. a5 Kf8 26. Nb5 Kf7 27. Nbxd6+ Nxd6 28. Nxd6+ Rxd6 29. Bxa6 Rxb6 30. axb6 bxa6 31. Rxc8 1-0